| 000 | 00545nam a2200193Ia 4500 | ||
|---|---|---|---|
| 003 | GCL | ||
| 005 | 20240530100116.0 | ||
| 008 | 140319s9999 xx 000 0 eng d | ||
| 040 |
_aGCL / _cGCL |
||
| 082 | 0 | 4 |
_a320.51 _bG L |
| 100 | 1 | _aGELLNER, ERNEST | |
| 245 | 1 | 0 |
_aLIBERALISM IN MODERN TIMES : ESSAYS IN HONOUR OF JOSE G. MERQUIOR / _cGELLNER, ERNEST |
| 260 |
_a[S.N] : _bCENTRAL EUROPEAN UNIVERSTIY ، _c1996 |
||
| 300 | _a238 P | ||
| 650 | 0 | 4 | _aPOLITICAL IDEOLOGY |
| 650 | 0 | 4 | _aLIBRALISM |
| 700 | 1 | _aCANSINO, CESAR | |
| 942 |
_2ddc _cBK |
||
| 999 |
_c14138 _d14138 |
||